MARC details
| 000 -LEADER |
| fixed length control field |
02402cam a2200385 i 4500 |
| 001 - CONTROL NUMBER |
| control field |
34412328 |
| 003 - CONTROL NUMBER IDENTIFIER |
| control field |
OCoLC |
| 005 - DATE AND TIME OF LATEST TRANSACTION |
| control field |
20220227193254.0 |
| 008 - FIXED-LENGTH DATA ELEMENTS--GENERAL INFORMATION |
| fixed length control field |
960314s1996 miu b 001 0 eng |
| 010 ## - LIBRARY OF CONGRESS CONTROL NUMBER |
| LC control number |
96012910 |
| 020 ## - INTERNATIONAL STANDARD BOOK NUMBER |
| International Standard Book Number |
0310493404 |
| 020 ## - INTERNATIONAL STANDARD BOOK NUMBER |
| International Standard Book Number |
9780310493402 |
| 035 ## - SYSTEM CONTROL NUMBER |
| System control number |
tcgc117176 |
| 035 ## - SYSTEM CONTROL NUMBER |
| System control number |
(OCoLC)34412328 |
| Canceled/invalid control number |
(OCoLC)796952251 |
| 040 ## - CATALOGING SOURCE |
| Original cataloging agency |
DLC |
| Language of cataloging |
eng |
| Description conventions |
rda |
| Transcribing agency |
DLC |
| Modifying agency |
BAKER |
| -- |
NLGGC |
| -- |
BTCTA |
| -- |
YDXCP |
| -- |
OCLCQ |
| -- |
BDX |
| -- |
OCLCQ |
| -- |
OCLCO |
| -- |
OCLCA |
| -- |
OUP |
| -- |
OCLCF |
| -- |
SGB |
| -- |
AUTTC |
| -- |
CHC |
| 050 00 - LIBRARY OF CONGRESS CALL NUMBER |
| Classification number |
BS2695.3 |
| Item number |
.S66 1996 |
| 082 00 - DEWEY DECIMAL CLASSIFICATION NUMBER |
| Classification number |
227/.5077 |
| Edition number |
20 |
| 100 1# - MAIN ENTRY--PERSONAL NAME |
| Personal name |
Snodgrass, Klyne. |
| Authority record control number or standard number |
http://id.loc.gov/authorities/names/n83232106 |
| 245 10 - TITLE STATEMENT |
| Title |
Ephesians : |
| Remainder of title |
from biblical text-- to contemporary life / |
| Statement of responsibility, etc. |
Klyne Snodgrass. |
| 264 #1 - PRODUCTION, PUBLICATION, DISTRIBUTION, MANUFACTURE, AND COPYRIGHT NOTICE |
| Place of production, publication, distribution, manufacture |
Grand Rapids, Mich. : |
| Name of producer, publisher, distributor, manufacturer |
Zondervan, |
| Date of production, publication, distribution, manufacture, or copyright notice |
[1996] |
| 264 #4 - PRODUCTION, PUBLICATION, DISTRIBUTION, MANUFACTURE, AND COPYRIGHT NOTICE |
| Date of production, publication, distribution, manufacture, or copyright notice |
©1996. |
| 300 ## - PHYSICAL DESCRIPTION |
| Extent |
384 pages ; |
| Dimensions |
24 cm. |
| 336 ## - CONTENT TYPE |
| Content type term |
text |
| Content type code |
txt |
| Source |
rdacontent |
| 337 ## - MEDIA TYPE |
| Media type term |
unmediated |
| Media type code |
n |
| Source |
rdamedia |
| 338 ## - CARRIER TYPE |
| Carrier type term |
volume |
| Carrier type code |
nc |
| Source |
rdacarrier |
| 490 1# - SERIES STATEMENT |
| Series statement |
The NIV application commentary series. |
| 504 ## - BIBLIOGRAPHY, ETC. NOTE |
| Bibliography, etc. note |
Includes bibliographical references (pages 32-36) and indexes. |
| 505 0# - FORMATTED CONTENTS NOTE |
| Formatted contents note |
Dedication -- Series Introduction -- General Editor's Preface -- Author's Preface -- Abbreviations -- Introduction -- Annotated Bibliography -- Text and Commentary on Ephesians -- Scripture Index -- Subject Index. |
| 520 ## - SUMMARY, ETC. |
| Summary, etc. |
Ephesians emphasizes the Gospel's twin pillars of change and choice. It explores how conversion (change) is a gift of God, which demands choices -- between disunity and unity, good and bad family life, good and bad social structures. The place that change and choice ever and again come together is in our liturgy and worship. Ephesians is filled with prayer and praise for our great and sovereign Lord, who shows us, as we worship him, that we cannot become a new creature without acting like one, and that knowing how to act can only come if we recognize the great change brought about in the new life in Jesus Christ. - Back cover. |
| 630 00 - SUBJECT ADDED ENTRY--UNIFORM TITLE |
| Uniform title |
Bible. |
| Name of part/section of a work |
Ephesians |
| Authority record control number or standard number |
http://id.loc.gov/authorities/names/n79060413 |
| Form subdivision |
Commentaries. |
| Authority record control number or standard number |
http://id.loc.gov/authorities/subjects/sh99001404 |
| 655 #7 - INDEX TERM--GENRE/FORM |
| Genre/form data or focus term |
Commentaries. |
| Source of term |
fast |
| Authority record control number or standard number |
http://id.worldcat.org/fast/1423723 |
| 730 02 - ADDED ENTRY--UNIFORM TITLE |
| Uniform title |
Bible. |
| Name of part/section of a work |
Ephesians. |
| Authority record control number or standard number |
http://id.loc.gov/authorities/names/n79060413 |
| Language of a work |
English. |
| Version |
New International. |
| Date of a work |
1996. |
| 830 #0 - SERIES ADDED ENTRY--UNIFORM TITLE |
| Uniform title |
NIV application commentary. |
| Authority record control number or standard number |
http://id.loc.gov/authorities/names/n94048887 |
| 942 ## - ADDED ENTRY ELEMENTS (KOHA) |
| Source of classification or shelving scheme |
Dewey Decimal Classification |
| Koha item type |
Books |